[Event "FICGS rapid B 000188 email"]
[Site "FICGS email"]
[Date "2011.10.10"]
[Round "1"]
[White "Shchelykalin, Vyacheslav"]
[Black "Yague, Omar"]
[Result "1-0"]
[WhiteElo "1800"]
[BlackElo "1789"]
[PlyCount "85"]
[EventDate "2011.??.??"]
[EventType "tourn (rapid)"]
[EventRounds "3"]
[SourceTitle "Corr 2022"]
[Source "ChessBase"]
[SourceDate "2021.10.24"]
[SourceVersion "1"]
[SourceVersionDate "2021.10.24"]
[SourceQuality "1"]

1. d4 Nf6 2. c4 e6 3. Nf3 b6 4. g3 Ba6 5. Qa4 c5 6. Bg2 Bb7 7. dxc5 Bxc5 8. 0-0 Bc6 9. Qd1 0-0 10. Nc3 d6 11. Bf4 e5 12. Bg5 Nbd7 13. a3 a5 14. Rb1 h6 15. Bxf6 Nxf6 16. b4 axb4 17. axb4 Bxf2+ 18. Rxf2 Ng4 19. Rf1 Ne3 20. Qd3 Nxf1 21. Rxf1 Qc7 22. Nh4 Bxg2 23. Kxg2 Ra3 24. Rf3 Rc8 25. Nf5 Qxc4 26. Ne7+ Kh8 27. Nxc8 Qxc8 28. Qd2 Qc6 29. Nd5 Rxf3 30. exf3 b5 31. Nc3 Kg8 32. Qd3 h5 33. Nxb5 d5 34. Nc3 d4 35. Ne4 Qa4 36. Qc4 h4 37. gxh4 g6 38. Nd6 Qd7 39. Qd5 e4 40. Nxe4 Qxd5 41. Nf6+ Kf8 42. Nxd5 d3 43. Kf2 1-0

[Event "FICGS rapid B 000147 email"]
[Site "FICGS email"]
[Date "2010.03.26"]
[Round "1"]
[White "Ponting, Andrew"]
[Black "Yague, Omar"]
[Result "1/2-1/2"]
[WhiteElo "1716"]
[BlackElo "1725"]
[PlyCount "100"]
[EventDate "2010.??.??"]
[EventType "tourn (rapid)"]
[EventRounds "6"]
[SourceTitle "Corr 2013"]
[Source "ChessBase"]
[SourceDate "2012.11.12"]
[SourceVersion "1"]
[SourceVersionDate "2012.11.12"]
[SourceQuality "1"]

1. e4 d5 2. exd5 Nf6 3. g3 Nxd5 4. Bg2 Nc6 5. d4 Bf5 6. Nf3 Qd7 7. 0-0 0-0-0 8. Nc3 e6 9. Nh4 Nde7 10. Be3 Nxd4 11. Bxd4 Qxd4 12. Qf3 c6 13. Rfd1 Qe5 14. Rxd8+ Kxd8 15. Qh5 g6 16. Qg5 Kc8 17. Nf3 f6 18. Qh4 g5 19. Qc4 b5 20. Qb3 Qd6 21. Rd1 Nd5 22. Nd4 Bg4 23. Re1 Qb4 24. Nxc6 Qxb3 25. cxb3 Nxc3 26. bxc3 Bc5 27. h3 Bf5 28. g4 Bg6 29. Rxe6 Re8 30. Rxf6 Re1+ 31. Kh2 Re2 32. Kg3 Kd7 33. Nd4 Bxd4 34. cxd4 Rxa2 35. Bd5 Rd2 36. Ra6 Kd8 37. Ra5 a6 38. Rxa6 Rxd4 39. Bg8 Rd3+ 40. f3 Be4 41. Rf6 Bb7 42. Kf2 b4 43. Bc4 Rc3 44. Rf8+ Kc7 45. Rf7+ Kb6 46. Rxh7 Rxf3+ 47. Ke2 Be4 48. Re7 Bc6 49. Re3 Rxe3+ 50. Kxe3 Kc5 1/2-1/2

[Event "FICGS rapid B 000147 email"]
[Site "FICGS email"]
[Date "2010.03.26"]
[Round "1"]
[White "Yague, Omar"]
[Black "Sternik, Ryszard"]
[Result "1-0"]
[WhiteElo "1725"]
[BlackElo "1887"]
[PlyCount "55"]
[EventDate "2010.??.??"]
[EventType "tourn (rapid)"]
[EventRounds "6"]
[SourceTitle "Corr 2013"]
[Source "ChessBase"]
[SourceDate "2012.11.12"]
[SourceVersion "1"]
[SourceVersionDate "2012.11.12"]
[SourceQuality "1"]

1. d4 d5 2. c4 c6 3. Nf3 Nf6 4. Nc3 e6 5. e3 Nbd7 6. Bd3 dxc4 7. Bxc4 b5 8. Bd3 Bb7 9. 0-0 b4 10. Ne4 Be7 11. Nxf6+ Nxf6 12. e4 0-0 13. Qc2 h6 14. e5 Nd5 15. Qe2 h5 16. Qe4 g6 17. Bh6 Re8 18. g4 Kh7 19. Bd2 hxg4 20. Qxg4 Rh8 21. a3 Kg7 22. Ng5 Bxg5 23. Bxg5 Qb6 24. axb4 Qxb4 25. Rfc1 Rh5 26. h4 a5 27. Rc5 a4 28. Bf6+ 1-0

[Event "FICGS rapid B 000122 email"]
[Site "FICGS email"]
[Date "2009.06.01"]
[Round "1"]
[White "Rusli, Rafnizar"]
[Black "Yague, Omar"]
[Result "0-1"]
[WhiteElo "1800"]
[BlackElo "1716"]
[PlyCount "48"]
[EventDate "2009.??.??"]
[EventType "tourn (rapid)"]
[EventRounds "6"]
[SourceTitle "Corr 2022"]
[Source "ChessBase"]
[SourceDate "2021.10.24"]
[SourceVersion "1"]
[SourceVersionDate "2021.10.24"]
[SourceQuality "1"]

1. d4 Nf6 2. c4 e6 3. Nf3 d5 4. Nc3 Be7 5. e3 0-0 6. Bd3 Nc6 7. 0-0 b6 8. e4 dxe4 9. Nxe4 Nxd4 10. Nxd4 Qxd4 11. Qf3 Bb7 12. Re1 Kh8 13. Rb1 Rad8 14. Bc2 Nxe4 15. Be3 Qxc4 16. Bb3 Qb5 17. Bf4 Nc5 18. Qh3 Rd3 19. Qh5 Qc6 20. f3 Nxb3 21. axb3 Bc5+ 22. Kh1 Rxf3 23. gxf3 Qxf3+ 24. Qxf3 Bxf3# 0-1

[Event "FICGS rapid B 000122 email"]
[Site "FICGS email"]
[Date "2009.06.01"]
[Round "1"]
[White "Yague, Omar"]
[Black "Langaro, Caetano"]
[Result "0-1"]
[WhiteElo "1716"]
[BlackElo "1800"]
[PlyCount "70"]
[EventDate "2009.??.??"]
[EventType "tourn (rapid)"]
[EventRounds "6"]
[SourceTitle "Corr 2022"]
[Source "ChessBase"]
[SourceDate "2021.10.24"]
[SourceVersion "1"]
[SourceVersionDate "2021.10.24"]
[SourceQuality "1"]

1. d4 d5 2. e3 Nf6 3. Be2 Nbd7 4. Nf3 e6 5. 0-0 Bd6 6. c4 c6 7. Nc3 0-0 8. Qc2 dxc4 9. Bxc4 b5 10. Bd3 Bb7 11. a3 a5 12. Bd2 Qe7 13. Rfc1 Rfc8 14. Ng5 h6 15. Nge4 Nxe4 16. Nxe4 c5 17. Nxd6 Qxd6 18. Bxa5 Rxa5 19. Qd2 Raa8 20. Bxb5 e5 21. d5 Nf6 22. Bc4 Rd8 23. Rd1 e4 24. Qc2 Ng4 25. g3 Qg6 26. d6 Ne5 27. f4 Nd3 28. Bxd3 exd3 29. Qxd3 Qe6 30. Qe2 Qe4 31. Kf2 Ra6 32. d7 Re6 33. g4 Qg2+ 34. Ke1 Qh3 35. Rd3 Ba6 0-1

[Event "FICGS rapid C 000064 email"]
[Site "FICGS email"]
[Date "2008.12.13"]
[Round "1"]
[White "Yague, Omar"]
[Black "Bromo, Alexis"]
[Result "1-0"]
[WhiteElo "1568"]
[BlackElo "1559"]
[PlyCount "25"]
[EventDate "2008.??.??"]
[EventType "tourn (rapid)"]
[EventRounds "4"]
[SourceTitle "Corr 2022"]
[Source "ChessBase"]
[SourceDate "2021.10.24"]
[SourceVersion "1"]
[SourceVersionDate "2021.10.24"]
[SourceQuality "1"]

1. e4 c5 2. Nc3 e5 3. Bc4 Nf6 4. Nf3 d6 5. Ng5 Be7 6. Nxf7 Qc7 7. Nxh8 Bg4 8. f3 Bh5 9. g4 Bg6 10. h4 d5 11. Nxd5 Nxd5 12. Bxd5 Nd7 13. h5 1-0

[Event "FICGS rapid D 000015 email"]
[Site "FICGS email"]
[Date "2008.10.25"]
[Round "1"]
[White "Yague, Omar"]
[Black "Bromo, Alexis"]
[Result "1-0"]
[WhiteElo "1400"]
[BlackElo "1460"]
[PlyCount "59"]
[EventDate "2008.??.??"]
[EventType "tourn (rapid)"]
[EventRounds "5"]
[SourceTitle "Corr 2022"]
[Source "ChessBase"]
[SourceDate "2021.10.24"]
[SourceVersion "1"]
[SourceVersionDate "2021.10.24"]
[SourceQuality "1"]

1. d4 d5 2. e3 Nf6 3. Nf3 Nc6 4. Nc3 Bg4 5. h3 Bh5 6. g4 Bg6 7. Bb5 a6 8. Bxc6+ bxc6 9. Ne5 Qd6 10. h4 h6 11. Nxg6 fxg6 12. f4 e6 13. Qd3 Kd8 14. Qxg6 c5 15. dxc5 Qxc5 16. g5 hxg5 17. fxg5 Ne4 18. Nxe4 dxe4 19. Qxe4 Qd5 20. Qxd5+ exd5 21. Bd2 Bd6 22. Bc3 Rg8 23. 0-0-0 c6 24. e4 Kd7 25. Rhf1 dxe4 26. Bb4 Ke6 27. Rxd6+ Ke5 28. Rxc6 Rgd8 29. c4 Rac8 30. Bc3+ 1-0

[Event "FICGS rapid D 000015 email"]
[Site "FICGS email"]
[Date "2008.10.25"]
[Round "1"]
[White "Yague, Omar"]
[Black "Stoyanov, Zdravko"]
[Result "1-0"]
[WhiteElo "1400"]
[BlackElo "1334"]
[PlyCount "41"]
[EventDate "2008.??.??"]
[EventType "tourn (rapid)"]
[EventRounds "5"]
[SourceTitle "Corr 2022"]
[Source "ChessBase"]
[SourceDate "2021.10.24"]
[SourceVersion "1"]
[SourceVersionDate "2021.10.24"]
[SourceQuality "1"]

1. e4 c5 2. Nc3 Nc6 3. Nf3 a6 4. d4 e6 5. d5 Nge7 6. dxc6 Nxc6 7. a4 Nb4 8. Bc4 g6 9. 0-0 b6 10. Bf4 d6 11. Qe2 Bg7 12. Rad1 Bf8 13. Nb5 axb5 14. Bxb5+ Bd7 15. Bxd6 Bxd6 16. Rxd6 Ra7 17. Ne5 0-0 18. Rxd7 Qb8 19. c3 Qxe5 20. Rxa7 Nd5 21. exd5 1-0

[Event "FICGS rapid D 000010 email"]
[Site "FICGS email"]
[Date "2008.08.03"]
[Round "1"]
[White "Yague, Omar"]
[Black "Glover, Brian"]
[Result "1-0"]
[WhiteElo "1400"]
[BlackElo "1388"]
[PlyCount "31"]
[EventDate "2008.??.??"]
[EventType "tourn (rapid)"]
[EventRounds "5"]
[SourceTitle "Corr 2022"]
[Source "ChessBase"]
[SourceDate "2021.10.24"]
[SourceVersion "1"]
[SourceVersionDate "2021.10.24"]
[SourceQuality "1"]

1. d4 d5 2. Nf3 Bf5 3. e3 Nf6 4. Bd3 Bg4 5. h3 Bd7 6. Nbd2 Nc6 7. 0-0 Qc8 8. e4 e6 9. e5 Ng8 10. Nb3 f6 11. Bf4 Be7 12. h4 Nh6 13. exf6 Bxf6 14. Bxh6 gxh6 15. Ne5 Nxe5 16. dxe5 1-0

[Event "FICGS rapid D 000010 email"]
[Site "FICGS email"]
[Date "2008.08.03"]
[Round "1"]
[White "Zaichenko, Andrey"]
[Black "Yague, Omar"]
[Result "0-1"]
[WhiteElo "1414"]
[BlackElo "1400"]
[PlyCount "46"]
[EventDate "2008.??.??"]
[EventType "tourn (rapid)"]
[EventRounds "5"]
[SourceTitle "Corr 2022"]
[Source "ChessBase"]
[SourceDate "2021.10.24"]
[SourceVersion "1"]
[SourceVersionDate "2021.10.24"]
[SourceQuality "1"]

1. b4 d5 2. Bb2 e6 3. Nf3 Nf6 4. a3 a6 5. e3 c5 6. b5 c4 7. a4 Bd7 8. bxa6 Nxa6 9. d3 cxd3 10. cxd3 Bb4+ 11. Nbd2 Nc5 12. Ba3 Bxa3 13. Rxa3 0-0 14. Be2 Bxa4 15. Qc1 b5 16. Qxc5 Rc8 17. Qxf8+ Qxf8 18. Ra1 Qc5 19. 0-0 Qc3 20. h3 e5 21. Rfc1 Qxc1+ 22. Rxc1 Rxc1+ 23. Kh2 Rc2 0-1